000 00638nam a2200193Ia 4500
005 20250508162056.0
008 008 250505s9999 xx 000 0 eng d
037 _aDissertations
040 _aFEDL
_beng
_cFEDL
041 _aeng
_2eng
084 _a374, SHA/DI
_qFEDL
100 _aShantha Krishnan
_9772231
245 0 _aNeed assessment of adult learners of disadvantaged groups in nonformal education with particular reference to the artisan group of potters
260 _c1980
300 _a228p.
546 _aM. Phil Dissertation (Delhi University)
942 _cDIS
_h374, SHA/DI
999 _c1374230
_d1374230